Alle Bundesliga Vize-Torschützen seit 2000 - Statistiken

Allgemein
  • Dieses Quiz wurde 55 mal gespielt
    3 seit der letzten Aktualisierung
  • Das Durchschnittsergebnis liegt bei 22 aus 27
Antwortstatistiken
Saison Verein Tore Spieler % Korrekt
2008/2009 VfL Wolfsburg 26 Edin Dzeko
100%
2007/2008 VfB Stuttgart 19 Mario Gomez
100%
2011/2012 Bayern München 26 Mario Gomez
100%
2017/2018 SC Freiburg 15 Nils Petersen
100%
2018/2019 Borussia Dortmund 18 Paco Alcacer
100%
2015/2016 Borussia Dortmund 25 Pierre-Emeric Aubameyang
100%
2014/2015 Borussia Dortmund / VfL Wolfsburg 16 Pierre-Emeric Aubameyang / Bas Dost
100%
2012/2013 Borussia Dortmund 24 Robert Lewandowski
100%
2016/2017 Bayern München 30 Robert Lewandowski
100%
2023/2024 VfB Stuttgart 28 Serhou Guirassy
100%
2024/2025 Borussia Dortmund / Bayer Leverkusen 21 Serhou Guirassy / Patrik Schick
100%
2009/2010 Bayer Leverkusen 21 Stefan Kießling
100%
2019/2020 RB Leipzig 28 Timo Werner
100%
2002/2003 Werder Bremen 16 Ailton
67%
2020/2021 Eintracht Frankfurt 28 Andre Silva
67%
2005/2006 Bayer Leverkusen 21 Dimitar Berbatov
67%
2013/2014 Bayern München / Nürnberg 17 Mario Mandzukic / Josip Drmic
67%
2001/2002 Bayer Leverkusen / Bayern München 17 Micheal Ballack / Giovane Elber
67%
2010/2011 SC Freiburg 22 Papiss Demba Cisse
67%
2021/2022 Bayer Leverkusen 24 Patrik Schick
67%
2022/2023 Eintracht Frankfurt / SC Freiburg 15 Randal Kolo Muani / Vincenzo Grifo
67%
2003/2004 Bayern München 23 Roy Makaay
67%
2004/2005 Bayern München 22 Roy Makaay
67%
2006/2007 Bayern München / Borussia Dortmund 16 Roy Makaay / Alex Frei
67%
1999/2000 Bayer Leverkusen 17 Ulf Kirsten
67%
2000/2001 Werder Bremen 19 Claudio Pizarro
33%
2025/2026 VfB Stuttgart 19 Deniz Undav
33%
Keine übereinstimmenden Quizze gefunden
Verteilung der Resultate
Anzahl Personen mit jedem Resultat
Perzentil nach korrekt beantworteten Fragen
Ihre Resultats-Entwicklung
Sie haben dieses Quiz seit der letzten Aktualisierung nicht gespielt